Amor Sobrenatural (Registro nro. 2083)
[ vista simple ]
| 000 -LEADER | |
|---|---|
| fixed length control field | 01342nam a22001577a 4500 |
| 003 - CONTROL NUMBER IDENTIFIER | |
| control field | OSt |
| 005 - DATE AND TIME OF LATEST TRANSACTION | |
| control field | 20260429091502.0 |
| 008 - FIXED-LENGTH DATA ELEMENTS--GENERAL INFORMATION | |
| fixed length control field | 260429b |||||||| |||| 00| 0 SPA d |
| 100 ## - MAIN ENTRY--PERSONAL NAME | |
| Personal name | L.Susana Quiroz C. |
| 245 ## - TITLE STATEMENT | |
| Title | Amor Sobrenatural |
| 250 ## - EDITION STATEMENT | |
| Edition statement | 1ra |
| 260 ## - PUBLICATION, DISTRIBUTION, ETC. | |
| Place of publication, distribution, etc. | QUITO - ECUADOR |
| Name of publisher, distributor, etc. | ITS ECAUTORIANO |
| Date of publication, distribution, etc. | XX |
| 300 ## - PHYSICAL DESCRIPTION | |
| Extent | 95 Pag |
| 520 ## - SUMMARY, ETC. | |
| Summary, etc. | <br/>Amor sobrenatural<br/> <br/>carácter netamente superficial.<br/> <br/>Su atención se posaba en cualquier parte d- cuerpo femenino que estuviera frente a - mirada.<br/> <br/>Podía quedarse embelesado por unos bellos ojos, por una nariz bien perfilada o unos labios bien delineados y finamente pintados como un rubí.<br/> <br/>Quedaba siempre asaltado por una oleada de aromas y colores, acompañados sin duda, de un delicado andar.<br/> <br/>Le cautivaban unos pies finamente arreglados, una estrecha cintura, la delicadez de la parte baja de la espalda, o la pequeña sonrisa que una mujer brinda cuando nota que alguien la está mirando. Todo esto a escondidas de los demás, por supuesto.<br/>Y, como el amor es un tema innato en las conversaciones de todos los jóvenes, Javier y sus amigos platicaban durante innumerables horas sobre los nuevos rostros, que en el transcurso del día, se habían impregnado en sus miradas: si les quedaron viendo... o si les sonrieron... Pero todo, siempre a su favor. |
| 942 ## - ADDED ENTRY ELEMENTS (KOHA) | |
| Source of classification or shelving scheme | Dewey Decimal Classification |
| Koha item type | Acceso Libre |
| Suppress in OPAC | No |
| Withdrawn status | Lost status | Source of classification or shelving scheme | Damaged status | Not for loan | Collection | Home library | Current library | Shelving location | Date acquired | Source of acquisition | Coded location qualifier | Inventory number | Total checkouts | Full call number | Barcode | Date last seen | Copy number | Price effective from | Koha item type |
|---|---|---|---|---|---|---|---|---|---|---|---|---|---|---|---|---|---|---|---|
| Dewey Decimal Classification | Estantería F Fila 2 | Biblioteca Stanford | Biblioteca Stanford | Biblioteca Abierta | 29.04.2026 | LECTURA | 0502 | 0502 | Literatura | BIBLIO0502 | 29.04.2026 | 1 | 29.04.2026 | Acceso Libre |